Viaje al centro de la Fórmula 1 /

Uloženo v:
Podrobná bibliografie
Hlavní autor: Miquel, Carlos (autor)
Další autoři: Alonso Díaz, Fernando (prólogo) (prólogo)
Médium: Kniha
Jazyk:španělština
Vydáno: Barcelona, España : Córner, 2016, c2016
Vydání:2a edición
Témata:
Tagy: Přidat tag
Žádné tagy, Buďte první, kdo vytvoří štítek k tomuto záznamu!

MARC

LEADER 00000nam^a2200000^a^4500
001 000391054
005 20250521000000.0
009 20260310121205.022
020 |a 978-84-15242-52-9 
037 |a Acervo ITESO - Biblioteca 
041 |a ESP 
082 |a 796. 720946083  |b MIQ 
100 |a Miquel, Carlos  |e (autor) 
245 1 0 |a Viaje al centro de la Fórmula 1 /  |c C. Miquel ; pról. de F. Alonso Díaz. 
246 2 |a Título en la cubierta: Viaje al centro de la Fórmula 1: un periodista en la trastienda del mayor espectáculo del mundo 
250 |a 2a edición 
264 4 |a Barcelona, España :  |b Córner,  |c 2016, c2016 
300 |a 190 p., [8] láminas 
336 |a texto  |b txt  |2 rdacontenido 
337 |a sin mediación  |b n  |2 rdamedio 
338 |a volumen  |b nc  |2 rdasoporte 
521 |a Peticiones 2017 
649 |a XX 
650 |a Pilotos Españoles (Automovilismo) -  |x Tema Principal 
650 |a Deportistas Profesionales Españoles 
650 |a Deportistas Españoles 
650 |a Periodistas Españoles -  |x Memorias 
650 |a Automovilismo (Fórmula 1) -  |z España -  |x Historia -  |y Juan Carlos I, 1975-2014 -  |x Tema Principal 
650 |a Automovilismo (Fórmula 1) -  |z España -  |x Historia -  |y Siglo XXI 
650 |a Automovilismo (Fórmula 1) -  |x Historia -  |y Siglo XXI -  |x Tema Principal 
650 |a Automovilismo -  |z España -  |x Historia -  |y Juan Carlos I, 1975-2014 
650 |a Automovilismo -  |z España -  |x Historia -  |y Siglo XXI 
650 |a Automovilismo -  |x Historia -  |y Siglo XXI 
650 |a Deportes Profesionales -  |z España -  |x Historia -  |y Juan Carlos I, 1975-2014 
650 |a Deportes Profesionales -  |z España -  |x Historia -  |y Siglo XXI 
650 |a Deportes Profesionales -  |x Historia -  |y Siglo XXI 
650 |a Deportes -  |z España -  |x Historia -  |y Juan Carlos I, 1975-2014 
650 |a Deportes -  |z España -  |x Historia -  |y Siglo XXI 
650 |a Deportes -  |x Historia -  |y Siglo XXI 
650 |a Miquel, Carlos 
650 |a Alonso Díaz, Fernando 
650 |a Briatore, Flavio 
650 |a Dennis, Ron 
650 |a Hamilton, Lewis 
650 |a Kubica, Robert 
650 |a Montoya, Juan Pablo 
650 |a Räikkönen, Kimi 
650 |a Rosa, Pedro de la 
650 |a Schumacher, Michael 
650 |a Vettel, Sebastian 
700 |a Alonso Díaz, Fernando  |e (prólogo) 
910 |a Fondo General 
920 |a Impresos - Libros 
930 |a Colección General 
905 |a 101 
901 |a 0500286232  |b IT1  |c ACC  |i C154639  |u 20250521 
902 |a https://opac.biblio.iteso.mx/vufind/Record/000391054